00669nam a2200145 a 450000100100000000500170001000800410002704000250006811001400009324500560023326000910028930000200038095201060040099900170050600002919620200930055406.0110414s2002 dr r 000 0 spa d aDO-SdBNPbspacBNPHU1 aRepública Dominicana .bSecretaría de Estado de Medio Ambiente y Recursos NaturalesbSub Secretaría de Gestión Ambiental95610810aProcedimiento de evaluación de impacto ambiental. aSanto Domingo :bSecretaría de Estado de Medio Ambiente y Recursos Naturales,c2002. a44 p. ;c22 cm. 00107-18PDaPDbPDcOId2011-04-14iLF1l0o p29196-10r2020-06-25w2020-06-25yLFPDZNo se presta c28688d28688